Ngôn ngữ hình thức

Αποθηκεύτηκε σε:
Λεπτομέρειες βιβλιογραφικής εγγραφής
Κύριος συγγραφέας: Nguyễn Văn Ba
Μορφή: Βιβλίο
Γλώσσα:Vietnamese
Έκδοση: Khoa học Kỹ Thuật 2002
Θέματα:
Ετικέτες: Προσθήκη ετικέτας
Δεν υπάρχουν, Καταχωρήστε ετικέτα πρώτοι!
Thư viện lưu trữ: Mạng thư viện Đại học Đà Nẵng
LEADER 00966nam a2200313 a 4500
001 000002494
003 02295
005 20171229145311.0
008 171229s2002 vie
040 |a LSK 
041 0 |a VIE 
082 0 |a 511.3  |b NG-B 
100 1 |a Nguyễn Văn Ba 
245 0 0 |a Ngôn ngữ hình thức 
260 |b Khoa học Kỹ Thuật  |c 2002 
300 |a 128 pages  |c 24 cm. 
653 |a Ngôn ngữ hình thức 
852 |a Phòng Đọc - Phòng Mượn 
901 |a 16 
927 |a Sách tham khảo 
OWN |a LSK 
AVA |a UDN50  |b LSK  |d 511.3 NG-B  |e check_holdings  |t Error 5003 Not defined in file expand_doc_bib_avail.  |h N  |k 1 
999 |a From the UDN01 
AVA |a UDN50  |b LSK  |d 511.3 NG-B  |e available  |t Error 5001 Not defined in file expand_doc_bib_avail.  |f 16  |g 0  |h N  |i 0  |k 1 
TYP |a Monograph 
TYP |a Printed language 
980 |a Mạng thư viện Đại học Đà Nẵng